[Event "Niederbayrische Einzelmeisterschaft"]
[Site "Mamming"]
[Date "2011.03.11"]
[Round "4.1"]
[White "Heiduczek, Franz"]
[Black "Holzer, Richard"]
[Result "1-0"]
[WhiteElo "2137"]
[BlackElo "2138"]
[PlyCount "115"]
[EventDate "2011.03.??"]
[EventType "swiss"]
[EventRounds "7"]
[EventCountry "GER"]
[SourceDate "2015.12.20"]
[SourceVersionDate "2015.12.20"]
[WhiteTeam "SC Rottal"]
[BlackTeam "SK Passau 1869"]

1. e4 e5 2. Nf3 Nc6 3. Bb5 a6 4. Ba4 Nf6 5. O-O Be7 6. Re1 b5 7. Bb3 d6 8. c3
Na5 9. Bc2 c5 10. d4 Qc7 11. Nbd2 O-O 12. Nf1 Be6 13. d5 Bg4 14. h3 Bxf3 15.
Qxf3 Ne8 16. Ne3 Rb8 17. Qg3 Kh8 18. Ng4 Nb7 19. f4 f6 20. f5 Nd8 21. Bd2 Qb7
22. Nh2 Nf7 23. Qh4 Ng5 24. Bd1 Rg8 25. Bh5 h6 26. Bg6 Bf8 27. Qh5 Qe7 28. h4
Nh7 29. g4 Nc7 30. Kf2 b4 31. c4 a5 32. Rg1 b3 33. a3 Qd7 34. g5 Qa4 35. Rac1
fxg5 36. hxg5 Qd7 37. Bf7 Ne8 38. Rg3 Nef6 39. gxf6 Nxf6 40. Qg6 Nxe4+ 41. Ke1
Nxg3 42. Be6 Qd8 43. Bxg8 Kxg8 44. Qxg3 Be7 45. Ke2 Qe8 46. Qg6 a4 47. Ng4 Qxg6
48. fxg6 Rb7 49. Nf2 Bf8 50. Ne4 Rd7 51. Rf1 Rb7 52. Be1 Ra7 53. Bh4 Rb7 54.
Kf3 Ra7 55. Kg4 Rb7 56. Kf5 Ra7 57. Ke6 Rb7 58. Rf7 1-0

[Event "Niederbayrische Einzelmeisterschaft"]
[Site "Mamming"]
[Date "2011.03.11"]
[Round "4.2"]
[White "Golder, Waldemar"]
[Black "Kleibel, Uwe"]
[Result "1/2-1/2"]
[WhiteElo "1824"]
[BlackElo "2079"]
[PlyCount "35"]
[EventDate "2011.03.??"]
[EventType "swiss"]
[EventRounds "7"]
[EventCountry "GER"]
[SourceDate "2015.12.20"]
[SourceVersionDate "2015.12.20"]
[WhiteTeam "FC Ergolding 1932"]
[BlackTeam "SC Ortenburg 1894"]

1. c4 c5 2. Nc3 Nc6 3. g3 g6 4. Bg2 Bg7 5. e3 e5 6. Nge2 Nge7 7. O-O O-O 8. d3
d6 9. Rb1 Be6 10. Nd5 Rb8 11. Nec3 Qd7 12. a3 a6 13. Qa4 Bh3 14. Nxe7+ Nxe7 15.
Qxd7 Bxd7 16. b4 b6 17. Bd2 Bf5 18. e4 1/2-1/2

[Event "Niederbayrische Einzelmeisterschaft"]
[Site "Mamming"]
[Date "2011.03.11"]
[Round "4.3"]
[White "Bielmeier, Ludwig"]
[Black "Haselbeck, Franz"]
[Result "1/2-1/2"]
[WhiteElo "2023"]
[BlackElo "1966"]
[PlyCount "69"]
[EventDate "2011.03.??"]
[EventType "swiss"]
[EventRounds "7"]
[EventCountry "GER"]
[SourceDate "2015.12.20"]
[SourceVersionDate "2015.12.20"]
[WhiteTeam "SV Deggendorf"]
[BlackTeam "SV Deggendorf"]

1. g3 e5 2. Bg2 f5 3. c4 Nf6 4. Nc3 g6 5. Rb1 Bg7 6. d3 d6 7. Bg5 c6 8. Nf3 Be6
9. O-O O-O 10. c5 h6 11. Bxf6 Bxf6 12. cxd6 Qxd6 13. Nd2 Na6 14. Qa4 Rad8 15.
Nc4 Qc7 16. Rfc1 Rd4 17. b3 Rfd8 18. Qa3 Bg5 19. Rf1 Be7 20. Qc1 Kg7 21. Ne3
Bg5 22. Qb2 Bf6 23. Rbc1 Qe7 24. Qb1 Bg5 25. Qb2 f4 26. gxf4 Bxf4 27. Ne4 Rxe4
28. dxe4 Qh4 29. Rfd1 Qxh2+ 30. Kf1 Rf8 31. Rd3 Bh3 32. Nf5+ gxf5 33. Rxh3 Bxc1
34. Qxc1 Qf4 35. e3 1/2-1/2

[Event "Niederbayrische Einzelmeisterschaft"]
[Site "Mamming"]
[Date "2011.03.11"]
[Round "4.4"]
[White "Christlmaier, Martin"]
[Black "Mueller, Michael"]
[Result "1/2-1/2"]
[WhiteElo "1934"]
[BlackElo "2008"]
[PlyCount "35"]
[EventDate "2011.03.??"]
[EventType "swiss"]
[EventRounds "7"]
[EventCountry "GER"]
[SourceDate "2015.12.20"]
[SourceVersionDate "2015.12.20"]
[WhiteTeam "SK Landau-Dingolfing"]
[BlackTeam "SC Bayerwald Regen/Zwiesel"]

1. e4 d6 2. d4 e5 3. dxe5 dxe5 4. Qxd8+ Kxd8 5. Nf3 f6 6. Be3 c6 7. Nbd2 Be6 8.
Bc4 Bxc4 9. Nxc4 Kc7 10. O-O Na6 11. Rfd1 Bc5 12. Nfd2 Ne7 13. Nb3 Bxe3 14.
Nxe3 Rad8 15. Kf1 Rxd1+ 16. Rxd1 Rd8 17. Rxd8 Kxd8 18. Ke2 1/2-1/2

[Event "Niederbayrische Einzelmeisterschaft"]
[Site "Mamming"]
[Date "2011.03.11"]
[Round "4.5"]
[White "Palmi, Herbert"]
[Black "Woitylak, Steffen"]
[Result "0-1"]
[WhiteElo "2001"]
[BlackElo "1928"]
[PlyCount "88"]
[EventDate "2011.03.??"]
[EventType "swiss"]
[EventRounds "7"]
[EventCountry "GER"]
[SourceDate "2015.12.20"]
[SourceVersionDate "2015.12.20"]
[WhiteTeam "SC Bayerwald Regen/Zwiesel"]
[BlackTeam "TV 1862 Geiselhöring"]

1. Nf3 c5 2. c3 e6 3. d4 d5 4. Bf4 Nc6 5. e3 Nf6 6. h3 Bd6 7. Bxd6 Qxd6 8. Bd3
e5 9. dxe5 Nxe5 10. Nxe5 Qxe5 11. Nd2 Qg5 12. Bb5+ Bd7 13. Bxd7+ Nxd7 14. Qg4
Qxg4 15. hxg4 O-O-O 16. O-O-O Ne5 17. Nb3 Nxg4 18. Rd2 b6 19. Re2 f5 20. f3 Nf6
21. Nd2 Rhe8 22. Nf1 Re7 23. Rh4 Rde8 24. Rd2 h5 25. Rh1 g6 26. b3 Kc7 27. Kc2
Kc6 28. Kc1 b5 29. Kc2 a5 30. a3 a4 31. b4 Nd7 32. bxc5 Kxc5 33. Rh4 Nb6 34.
Rhd4 Rd7 35. Re2 Nc4 36. Kd1 Nxa3 37. Nd2 Rde7 38. e4 dxe4 39. fxe4 Re5 40. Rf2
fxe4 41. Rf6 e3 42. Nf3 e2+ 43. Kd2 e1=Q+ 44. Nxe1 Re2+ 0-1

[Event "Niederbayrische Einzelmeisterschaft"]
[Site "Mamming"]
[Date "2011.03.11"]
[Round "4.6"]
[White "Thanner, Daniel"]
[Black "Stroeher, Wolfgang"]
[Result "1/2-1/2"]
[WhiteElo "1855"]
[BlackElo "1976"]
[PlyCount "60"]
[EventDate "2011.03.??"]
[EventType "swiss"]
[EventRounds "7"]
[EventCountry "GER"]
[SourceDate "2015.12.20"]
[SourceVersionDate "2015.12.20"]
[WhiteTeam "SC Ortenburg 1894"]
[BlackTeam "SC Straubing"]

1. d4 d5 2. Nf3 Nc6 3. e3 Bg4 4. Be2 Nf6 5. O-O e6 6. Nbd2 Bd6 7. b3 O-O 8. Bb2
Ne4 9. c4 f5 10. cxd5 exd5 11. Ne5 Bxe2 12. Qxe2 Qe8 13. Ndf3 Nd8 14. a4 Qe7
15. Nd3 Ne6 16. b4 Rf6 17. Nc5 Rh6 18. g3 c6 19. Rfc1 Rf8 20. Nxe6 Qxe6 21. b5
f4 22. exf4 Bxf4 23. Rc2 Bc7 24. Ra3 Qh3 25. bxc6 bxc6 26. Bc1 Rhf6 27. Qd1 Bb6
28. Ng5 Qf5 29. Nxe4 Qxe4 30. Be3 Ba5 1/2-1/2

[Event "Niederbayrische Einzelmeisterschaft"]
[Site "Mamming"]
[Date "2011.03.11"]
[Round "4.7"]
[White "Popp, Michael"]
[Black "Valenza, Guiseppe"]
[Result "1-0"]
[WhiteElo "1967"]
[BlackElo "1788"]
[PlyCount "72"]
[EventDate "2011.03.??"]
[EventType "swiss"]
[EventRounds "7"]
[EventCountry "GER"]
[SourceDate "2015.12.20"]
[SourceVersionDate "2015.12.20"]
[WhiteTeam "TV 1862 Geiselhöring"]
[BlackTeam "SV Aham"]

1. c4 Nf6 2. Nc3 g6 3. e4 d6 4. d4 Bg7 5. Nf3 Na6 6. Be2 O-O 7. O-O e5 8. d5
Nc5 9. Qc2 a5 10. b3 h6 11. Be3 b6 12. Nd2 Nfd7 13. a3 f5 14. f3 f4 15. Bf2 Nf6
16. b4 Ncd7 17. Nb3 Qe7 18. bxa5 Nc5 19. axb6 cxb6 20. Ra2 Bd7 21. Rfa1 Ra7 22.
a4 Rfa8 23. a5 Nxb3 24. Qxb3 Rxa5 25. Qxb6 Rxa2 26. Rxa2 Rxa2 27. Nxa2 Bf8 28.
Nb4 Qe8 29. Na6 Bc8 30. c5 Nd7 31. Qc6 Qd8 32. Qb5 dxc5 33. Nxc5 Nxc5 34. Bxc5
Qc7 35. d6 Bxd6 36. Qc4+ Kg7 1-0

[Event "Niederbayrische Einzelmeisterschaft"]
[Site "Mamming"]
[Date "2011.03.11"]
[Round "4.9"]
[White "Haimerl, Willibald"]
[Black "Reich, Christian"]
[Result "1/2-1/2"]
[WhiteElo "1612"]
[BlackElo "1647"]
[PlyCount "69"]
[EventDate "2011.03.??"]
[EventType "swiss"]
[EventRounds "7"]
[EventCountry "GER"]
[SourceDate "2015.12.20"]
[SourceVersionDate "2015.12.20"]
[WhiteTeam "SV Deggendorf"]
[BlackTeam "SC Straubing"]

1. e4 c5 2. Nf3 Nc6 3. d4 cxd4 4. Nxd4 e5 5. Nb5 d6 6. N1c3 a6 7. Na3 b5 8. Nd5
h6 9. c4 b4 10. Nc2 a5 11. Be2 Nf6 12. Nxf6+ Qxf6 13. Ne3 Be6 14. Qa4 Bd7 15.
Bg4 Qd8 16. O-O Nd4 17. Bxd7+ Qxd7 18. Qd1 Be7 19. Nd5 Rb8 20. Be3 Nc6 21. b3
O-O 22. Qd2 f5 23. exf5 Rxf5 24. Rad1 Bf8 25. c5 Kh8 26. cxd6 Qxd6 27. Qc2 Qg6
28. Nb6 Rg5 29. Qxg6 Rxg6 30. Nd7 Ra8 31. Nxf8 Rxf8 32. Rd7 Ra8 33. Rc1 a4 34.
Rc7 axb3 35. axb3 1/2-1/2

[Event "Niederbayrische Einzelmeisterschaft"]
[Site "Mamming"]
[Date "2011.03.11"]
[Round "4.10"]
[White "Grum, Theodor"]
[Black "Hofmann, Paul"]
[Result "1-0"]
[WhiteElo "1777"]
[BlackElo "1664"]
[PlyCount "87"]
[EventDate "2011.03.??"]
[EventType "swiss"]
[EventRounds "7"]
[EventCountry "GER"]
[SourceDate "2015.12.20"]
[SourceVersionDate "2015.12.20"]
[WhiteTeam "SC Grafenau"]
[BlackTeam "FC Ergolding 1932"]

1. e4 d6 2. d4 Nf6 3. Nc3 c6 4. f4 Qa5 5. Bd3 e5 6. dxe5 dxe5 7. Bd2 Qc7 8.
fxe5 Ng4 9. h3 Nxe5 10. Nf3 Be7 11. Qe2 Nxf3+ 12. Qxf3 Bh4+ 13. Ke2 Be6 14. Bf4
Qe7 15. Qe3 h6 16. g3 Bg5 17. h4 Bxf4 18. gxf4 Bg4+ 19. Kd2 Nd7 20. Rag1 h5 21.
Be2 Nf6 22. Kc1 Bxe2 23. Qxe2 Ng4 24. e5 O-O-O 25. Ne4 f6 26. Nf2 Nxf2 27. Qxf2
fxe5 28. fxe5 Rhf8 29. Qxa7 Qxe5 30. Re1 Qf4+ 31. Qe3 Rd7 32. a3 Qxe3+ 33. Rxe3
Rf4 34. Rg3 Rf2 35. Kb1 Rdd2 36. Rc3 Rh2 37. Rxh2 Rxh2 38. Rg3 Rxh4 39. Rxg7
Rg4 40. Rh7 h4 41. b3 b5 42. Kb2 b4 43. axb4 Rxb4 44. c4 1-0

[Event "Niederbayrische Einzelmeisterschaft"]
[Site "Mamming"]
[Date "2011.03.11"]
[Round "4.12"]
[White "Grigore-Nikolitsch, Corneliu"]
[Black "Oberpriller, Katharina"]
[Result "1-0"]
[WhiteElo "1633"]
[BlackElo "1556"]
[PlyCount "122"]
[EventDate "2011.03.??"]
[EventType "swiss"]
[EventRounds "7"]
[EventCountry "GER"]
[SourceDate "2015.12.20"]
[SourceVersionDate "2015.12.20"]
[WhiteTeam "SC Rottal"]
[BlackTeam "FC Ergolding 1932"]

1. e4 c6 2. d4 d5 3. e5 c5 4. c4 e6 5. Nf3 cxd4 6. Qxd4 Nc6 7. Qd1 Nge7 8. Bg5
h6 9. Bf4 Ng6 10. Bg3 Qa5+ 11. Nc3 Bb4 12. Qd3 dxc4 13. Qxc4 O-O 14. a3 Bxc3+
15. Qxc3 Qxc3+ 16. bxc3 b6 17. Bb5 Bb7 18. Bxc6 Bxc6 19. Ke2 Rac8 20. Rhc1
Bxf3+ 21. gxf3 Rc5 22. f4 Rfc8 23. Kd2 Rc4 24. Ke3 Rxc3+ 25. Rxc3 Rxc3+ 26. Kd4
Rc5 27. a4 Ne7 28. f3 Nf5+ 29. Kd3 Nxg3 30. hxg3 Kh7 31. Rb1 Kg6 32. Rb4 h5 33.
g4 Rc1 34. Ke4 Re1+ 35. Kd3 Rg1 36. gxh5+ Kxh5 37. Rc4 Kg6 38. a5 Rb1 39. Rc7
bxa5 40. Rxa7 Ra1 41. Ke2 Ra4 42. Ke3 Ra3+ 43. Kf2 f6 44. Re7 fxe5 45. Rxe6+
Kf7 46. Rxe5 Ra4 47. Kg3 Kf6 48. Rb5 Ra3 49. Kg4 g6 50. Rb6+ Kf7 51. Ra6 Kg7
52. Kg5 Rxf3 53. Ra7+ Kf8 54. Rxa5 Rg3+ 55. Kf6 Kg8 56. Rg5 Rxg5 57. fxg5 Kh7
58. Kf7 Kh8 59. Kxg6 Kg8 60. Kf6 Kf8 61. g6 Kg8 1-0

[Event "Niederbayrische Einzelmeisterschaft"]
[Site "Mamming"]
[Date "2011.03.11"]
[Round "4.14"]
[White "Thurnbauer, Alois"]
[Black "Strangmueller, Andreas"]
[Result "1-0"]
[WhiteElo "1607"]
[BlackElo "1852"]
[PlyCount "112"]
[EventDate "2011.03.??"]
[EventType "swiss"]
[EventRounds "7"]
[EventCountry "GER"]
[SourceDate "2015.12.20"]
[SourceVersionDate "2015.12.20"]
[WhiteTeam "SC Ortenburg 1894"]
[BlackTeam "SK Landshut"]

1. d4 d5 2. Bf4 Nf6 3. e3 e6 4. Be2 Be7 5. Nd2 O-O 6. c3 c5 7. Ngf3 Nc6 8. h3
Bd6 9. O-O Re8 10. Bg5 h6 11. dxc5 Bxc5 12. Bh4 e5 13. Nh2 Qd6 14. b4 Bb6 15.
Nc4 Qe6 16. Nxb6 axb6 17. Bxf6 Qxf6 18. Bg4 Ne7 19. Qb3 b5 20. a4 bxa4 21. Rxa4
Bxg4 22. Nxg4 Qe6 23. e4 d4 24. Qxe6 fxe6 25. Rxa8 Rxa8 26. cxd4 exd4 27. Rd1
Rd8 28. Ne5 Nc6 29. Nd3 Kf7 30. f4 e5 31. b5 exf4 32. bxc6 bxc6 33. Ne5+ Ke6
34. Nxc6 Rc8 35. Nxd4+ Ke5 36. Nf3+ Kxe4 37. Re1+ Kf5 38. Re7 Kf6 39. Re2 g5
40. Rb2 Rc6 41. Kf2 Ra6 42. Nh2 h5 43. Rb3 Ra5 44. Rb2 Kf5 45. Nf3 g4 46. hxg4+
hxg4 47. Nd4+ Ke4 48. Nb3 Rd5 49. Rc2 f3 50. g3 Rd1 51. Nc5+ Kf5 52. Nb3 Rh1
53. Nd2 Rh2+ 54. Ke3 Re2+ 55. Kd3 Rg2 56. Nb3 Rxc2 1-0

[Event "Niederbayrische Einzelmeisterschaft"]
[Site "Mamming"]
[Date "2011.03.11"]
[Round "4.15"]
[White "Meier, Hans"]
[Black "Haider, Andreas"]
[Result "0-1"]
[WhiteElo "1103"]
[BlackElo "1562"]
[PlyCount "56"]
[EventDate "2011.03.??"]
[EventType "swiss"]
[EventRounds "7"]
[EventCountry "GER"]
[SourceDate "2015.12.20"]
[SourceVersionDate "2015.12.20"]
[WhiteTeam "SV Aham"]
[BlackTeam "SV Aham"]

1. e4 g6 2. d4 Bg7 3. Nf3 d6 4. Bc4 c6 5. c3 b5 6. Bb3 Nh6 7. h3 O-O 8. Bf4 Kh8
9. O-O f6 10. e5 g5 11. exf6 exf6 12. Be3 Bf5 13. Qd2 Nf7 14. Bc2 Bxc2 15. Qxc2
Nd7 16. b4 Nb6 17. Nbd2 d5 18. Nb3 Bh6 19. g4 Qc8 20. Kg2 Nd6 21. Rh1 Ne4 22.
Rae1 Nc4 23. Bc1 f5 24. Nfd2 Nxf2 25. Rh2 fxg4 26. Re7 gxh3+ 27. Rxh3 Qxh3+ 28.
Kg1 Qh1# 0-1

[Event "Niederbayrische Einzelmeisterschaft"]
[Site "Mamming"]
[Date "2011.03.12"]
[Round "5.1"]
[White "Woitylak, Steffen"]
[Black "Heiduczek, Franz"]
[Result "0-1"]
[WhiteElo "1928"]
[BlackElo "2137"]
[PlyCount "88"]
[EventDate "2011.03.??"]
[EventType "swiss"]
[EventRounds "7"]
[EventCountry "GER"]
[SourceDate "2015.12.20"]
[SourceVersionDate "2015.12.20"]
[WhiteTeam "TV 1862 Geiselhöring"]
[BlackTeam "SC Rottal"]

1. e4 e5 2. Nf3 d6 3. d4 exd4 4. Nxd4 Nf6 5. Bg5 Be7 6. Nf5 Bxf5 7. exf5 O-O 8.
Be2 c6 9. O-O d5 10. c3 Ne4 11. Be3 Bc5 12. b4 Bxe3 13. fxe3 Nd7 14. Qd4 Ndf6
15. Nd2 Nxd2 16. Qxd2 Re8 17. Rf3 Re5 18. h3 Qe7 19. Bd3 Re8 20. Re1 Nd7 21. a4
b6 22. Re2 Qg5 23. Kh2 Nf6 24. g4 Rd8 25. Qe1 Rde8 26. Qg3 c5 27. Rf4 h5 28.
Kg2 h4 29. Qf2 Nh5 30. Rf3 Ng3 31. Re1 d4 32. cxd4 cxd4 33. e4 Qd8 34. Rf4 Qd6
35. b5 Qb4 36. g5 Nxf5 37. exf5 Qxe1 38. Qxe1 Rxe1 39. Rxd4 Rd1 40. g6 Kf8 41.
gxf7 Ree1 42. Rd7 Rc1 43. f6 gxf6 44. Bg6 Rg1+ 0-1

[Event "Niederbayrische Einzelmeisterschaft"]
[Site "Mamming"]
[Date "2011.03.12"]
[Round "5.2"]
[White "Holzer, Richard"]
[Black "Popp, Michael"]
[Result "1-0"]
[WhiteElo "2138"]
[BlackElo "1967"]
[PlyCount "83"]
[EventDate "2011.03.??"]
[EventType "swiss"]
[EventRounds "7"]
[EventCountry "GER"]
[SourceDate "2015.12.20"]
[SourceVersionDate "2015.12.20"]
[WhiteTeam "SK Passau 1869"]
[BlackTeam "TV 1862 Geiselhöring"]

1. e4 e6 2. d4 d5 3. Nc3 Bb4 4. Nge2 dxe4 5. a3 Be7 6. Nxe4 Nf6 7. N2g3 Nc6 8.
Bb5 Nxe4 9. Bxc6+ bxc6 10. Nxe4 Qd5 11. f3 Ba6 12. Bf4 O-O-O 13. c3 f5 14. Nd2
c5 15. Qa4 Kb7 16. Bxc7 Kxc7 17. Qxa6 Kb8 18. O-O-O cxd4 19. cxd4 Rd6 20. Qa4
Rc8+ 21. Kb1 Qxd4 22. Qxd4 Rxd4 23. Nb3 Rdc4 24. Rhe1 Rc2 25. Rxe6 Bg5 26. Rd7
Bf6 27. Rd2 Rxd2 28. Nxd2 Rd8 29. Re2 Kc7 30. Kc2 Kc6 31. Nc4 Kb5 32. b3 Rd7
33. Rd2 Re7 34. Nd6+ Ka6 35. Nxf5 Rc7+ 36. Kb1 Rc3 37. Ka2 Rc1 38. b4 Kb5 39.
Nd4+ Bxd4 40. Rxd4 Rc2+ 41. Kb3 Rxg2 42. Rd6 1-0

[Event "Niederbayrische Einzelmeisterschaft"]
[Site "Mamming"]
[Date "2011.03.12"]
[Round "5.3"]
[White "Kleibel, Uwe"]
[Black "Christlmaier, Martin"]
[Result "1/2-1/2"]
[WhiteElo "2079"]
[BlackElo "1934"]
[PlyCount "78"]
[EventDate "2011.03.??"]
[EventType "swiss"]
[EventRounds "7"]
[EventCountry "GER"]
[SourceDate "2015.12.20"]
[SourceVersionDate "2015.12.20"]
[WhiteTeam "SC Ortenburg 1894"]
[BlackTeam "SK Landau-Dingolfing"]

1. d4 d5 2. Bf4 c5 3. e3 Nc6 4. c3 Bf5 5. Nd2 e6 6. Ngf3 h6 7. Ne5 Qb6 8. Qb3
f6 9. Qxb6 axb6 10. Nxc6 bxc6 11. dxc5 e5 12. Bg3 Bxc5 13. b4 Bd6 14. a4 Ne7
15. Be2 Kf7 16. O-O Ra7 17. f4 e4 18. Nb3 Rha8 19. a5 Bc7 20. axb6 Bxb6 21. Bf2
Ra2 22. Rxa2 Rxa2 23. Bd1 Bc8 24. Nd4 Ba6 25. Re1 Bxd4 26. cxd4 Bb5 27. g4 Rb2
28. Kg2 Rxb4 29. f5 Rb2 30. Kg1 g6 31. fxg6+ Kxg6 32. Bg3 Nc8 33. Bc7 Ra2 34.
Bb3 Re2 35. Rxe2 Bxe2 36. h3 Ne7 37. Kf2 Ba6 38. Ba4 Bb5 39. Bd1 Ng8 1/2-1/2

[Event "Niederbayrische Einzelmeisterschaft"]
[Site "Mamming"]
[Date "2011.03.12"]
[Round "5.4"]
[White "Hirtreiter, Alexander"]
[Black "Bielmeier, Ludwig"]
[Result "1/2-1/2"]
[WhiteElo "1822"]
[BlackElo "2023"]
[PlyCount "92"]
[EventDate "2011.03.??"]
[EventType "swiss"]
[EventRounds "7"]
[EventCountry "GER"]
[SourceDate "2015.12.20"]
[SourceVersionDate "2015.12.20"]
[WhiteTeam "SK Landau-Dingolfing"]
[BlackTeam "SV Deggendorf"]

1. e4 c6 2. Nc3 d5 3. exd5 cxd5 4. d4 Nc6 5. Nf3 Bg4 6. Be2 e6 7. Ne5 Bxe2 8.
Nxe2 Nf6 9. O-O Be7 10. c3 O-O 11. Ng3 Nxe5 12. dxe5 Nd7 13. f4 Qb6+ 14. Kh1
Rac8 15. Nh5 g6 16. Ng3 Rfd8 17. Qe2 Rc4 18. Be3 Qc7 19. Bd4 a6 20. Rad1 b5 21.
a3 Rc6 22. Qg4 Rc4 23. b3 Rc6 24. b4 Bf8 25. Nh5 Kh8 26. Nf6 Bg7 27. Nxd7 Qxd7
28. Rd3 Ra8 29. Rh3 Qd8 30. Qe2 Kg8 31. g4 Qd7 32. Qd3 Qc7 33. Re3 Rc4 34. f5
a5 35. f6 Bf8 36. Rh3 axb4 37. cxb4 Rc8 38. Qe3 Qb7 39. Kg1 Qc6 40. Rf2 Rc1+
41. Kg2 Qc4 42. Rhf3 Rc2 43. Rd2 Qa2 44. Rff2 Rxd2 45. Rxd2 Qb1 46. Kg3 Qc1
1/2-1/2

[Event "Niederbayrische Einzelmeisterschaft"]
[Site "Mamming"]
[Date "2011.03.12"]
[Round "5.5"]
[White "Mueller, Michael"]
[Black "Thanner, Daniel"]
[Result "1-0"]
[WhiteElo "2008"]
[BlackElo "1855"]
[PlyCount "71"]
[EventDate "2011.03.??"]
[EventType "swiss"]
[EventRounds "7"]
[EventCountry "GER"]
[SourceDate "2015.12.20"]
[SourceVersionDate "2015.12.20"]
[WhiteTeam "SC Bayerwald Regen/Zwiesel"]
[BlackTeam "SC Ortenburg 1894"]

1. e4 d5 2. exd5 Nf6 3. d4 Bg4 4. Be2 Bxe2 5. Qxe2 Qxd5 6. Nf3 e6 7. O-O Be7 8.
c4 Qd6 9. Nc3 a6 10. Rd1 O-O 11. Ne5 c5 12. Bf4 Qb6 13. d5 Re8 14. b3 Bd6 15.
Qf3 Qc7 16. Re1 Nbd7 17. Nxd7 Qxd7 18. Bg5 exd5 19. Bxf6 Rxe1+ 20. Rxe1 Re8 21.
Rxe8+ Qxe8 22. g3 gxf6 23. Nxd5 Qe1+ 24. Kg2 Be5 25. Qg4+ Kf8 26. Qc8+ Kg7 27.
Ne7 Qe4+ 28. f3 Qe2+ 29. Kh3 Qf1+ 30. Kh4 Bxg3+ 31. hxg3 Qh1+ 32. Qh3 Qc1 33.
Qf5 Qh6+ 34. Qh5 Qd2 35. Nf5+ Kf8 36. Qh6+ 1-0

[Event "Niederbayrische Einzelmeisterschaft"]
[Site "Mamming"]
[Date "2011.03.12"]
[Round "5.6"]
[White "Haselbeck, Franz"]
[Black "Golder, Waldemar"]
[Result "1/2-1/2"]
[WhiteElo "1966"]
[BlackElo "1824"]
[PlyCount "74"]
[EventDate "2011.03.??"]
[EventType "swiss"]
[EventRounds "7"]
[EventCountry "GER"]
[SourceDate "2015.12.20"]
[SourceVersionDate "2015.12.20"]
[WhiteTeam "SV Deggendorf"]
[BlackTeam "FC Ergolding 1932"]

1. Nf3 Nf6 2. g3 d5 3. Bg2 c6 4. O-O Bg4 5. d3 Nbd7 6. Nbd2 e5 7. h3 Bh5 8. Qe1
Bc5 9. e4 dxe4 10. dxe4 O-O 11. Nc4 Re8 12. b4 Bb6 13. Nd6 Re6 14. Nf5 Qc7 15.
Ng5 Ree8 16. Bb2 a5 17. a3 Rad8 18. c4 c5 19. b5 h6 20. Nf3 Bxf3 21. Bxf3 Nf8
22. Qc3 Ne6 23. Ne3 Nd4 24. Nd5 Nxd5 25. exd5 e4 26. Bd1 f5 27. Bc1 Qe7 28. Qe3
Bc7 29. Bh5 f4 30. gxf4 Rf8 31. Qg3 Qf6 32. Be3 Bxf4 33. Bxf4 Qxf4 34. Qxf4
Rxf4 35. Rae1 Rd6 36. Kg2 b6 37. Re3 Nf5 1/2-1/2

[Event "Niederbayrische Einzelmeisterschaft"]
[Site "Mamming"]
[Date "2011.03.12"]
[Round "5.7"]
[White "Stroeher, Wolfgang"]
[Black "Palmi, Herbert"]
[Result "0-1"]
[WhiteElo "1976"]
[BlackElo "2001"]
[PlyCount "50"]
[EventDate "2011.03.??"]
[EventType "swiss"]
[EventRounds "7"]
[EventCountry "GER"]
[SourceDate "2015.12.20"]
[SourceVersionDate "2015.12.20"]
[WhiteTeam "SC Straubing"]
[BlackTeam "SC Bayerwald Regen/Zwiesel"]

1. d4 Nf6 2. Bg5 e6 3. Nc3 d5 4. e3 Nbd7 5. a3 c5 6. Nf3 a6 7. dxc5 Bxc5 8. Bd3
b5 9. b4 Bd6 10. O-O Bb7 11. e4 Qc7 12. Bxf6 gxf6 13. Qe1 Rc8 14. Nd1 Ne5 15.
Nxe5 Bxe5 16. Rc1 Bxh2+ 17. Kh1 Bf4 18. Rb1 Qe5 19. Be2 Qg5 20. Rb3 Bd2 21.
Bxb5+ axb5 22. Qe2 dxe4 23. Rg3 Qd5 24. Ne3 Bxe3 25. fxe3 Ke7 0-1

[Event "Niederbayrische Einzelmeisterschaft"]
[Site "Mamming"]
[Date "2011.03.12"]
[Round "5.8"]
[White "Staller, Josef"]
[Black "Schultes, Christoph"]
[Result "0-1"]
[WhiteElo "1705"]
[BlackElo "1822"]
[PlyCount "111"]
[EventDate "2011.03.??"]
[EventType "swiss"]
[EventRounds "7"]
[EventCountry "GER"]
[SourceDate "2015.12.20"]
[SourceVersionDate "2015.12.20"]
[WhiteTeam "SC Rottal"]
[BlackTeam "SK Landau-Dingolfing"]

1. Nf3 Nf6 2. Nc3 d5 3. d4 e6 4. Bg5 Be7 5. Qd3 Nbd7 6. Ne5 Nxe5 7. dxe5 Nd7 8.
Bxe7 Qxe7 9. f4 Qb4 10. O-O-O Qxf4+ 11. Kb1 Qxe5 12. e4 c6 13. Be2 Nc5 14. Qd2
Nxe4 15. Nxe4 Qxe4 16. Bd3 Qh4 17. g3 Qe7 18. Rhf1 e5 19. c4 Be6 20. Qe3 f6 21.
cxd5 Bxd5 22. Bf5 g6 23. Bc2 b6 24. Qh6 O-O-O 25. Qh4 Rhf8 26. Qa4 Kb8 27. Rde1
Rd7 28. h4 Rfd8 29. a3 Qe6 30. Rf2 Bc4 31. h5 Rd4 32. Kc1 Bb5 33. Qb3 Qxb3 34.
Bxb3 R8d6 35. hxg6 hxg6 36. Rh2 Bd3 37. Rf2 c5 38. Rh1 c4 39. Rh8+ Rd8 40.
Rxd8+ Rxd8 41. Bd1 f5 42. g4 f4 43. Ba4 Rh8 44. Bb5 g5 45. b3 e4 46. Rd2 e3 47.
Rxd3 cxd3 48. Bxd3 Rh1+ 49. Kc2 Rh2+ 50. Kc1 f3 51. Be4 f2 52. Bd3 f1=Q+ 53.
Bxf1 Rh1 54. Kd1 Rxf1+ 55. Ke2 Rf4 56. Kxe3 0-1

[Event "Niederbayrische Einzelmeisterschaft"]
[Site "Mamming"]
[Date "2011.03.12"]
[Round "5.9"]
[White "Valenza, Guiseppe"]
[Black "Haimerl, Willibald"]
[Result "1-0"]
[WhiteElo "1788"]
[BlackElo "1612"]
[PlyCount "39"]
[EventDate "2011.03.??"]
[EventType "swiss"]
[EventRounds "7"]
[EventCountry "GER"]
[SourceDate "2015.12.20"]
[SourceVersionDate "2015.12.20"]
[WhiteTeam "SV Aham"]
[BlackTeam "SV Deggendorf"]

1. e4 c5 2. Nc3 Nc6 3. f4 d6 4. Bb5 Bd7 5. Bxc6 Bxc6 6. Nf3 g6 7. d3 Bg7 8. O-O
e6 9. Qe1 Qc7 10. Be3 Ne7 11. Rd1 Rd8 12. Qh4 b6 13. f5 exf5 14. Bg5 Bxc3 15.
bxc3 fxe4 16. dxe4 f5 17. exf5 Bxf3 18. Rde1 Rd7 19. Rxf3 gxf5 20. Rfe3 1-0